1120 1232 1482 1106 1689 1640 1770 1439 1121 1867 1720 1510 1525 1599 1450 1428 1663 1981 1133 1883 1941 1316 1139 1712 1176 1005 1767 1030 1758 1236 1712 1778 1324 1519 1846 1278 1924 1497 1350 1324 1787 1423 1845 1845 1084 1810 1745 1171 1345 1526 1091 1977 1399 1077 1682 1276 1731 1020 1154 1177 1946 1034 1574 1760 1895 1110 1089 1000 1560 1238 1480 1710 1214 1787 1596 1606 1952 1233 1846 1445 1278 1727 1642 1857 1807 1444 1609 1498 1885 1192 1249 1022 1439 1726 1248 1025 1726 1894 1480 BCNSPRNW ULIB Ver.6.0+V

เปลี่ยนเป็นภาษาไทย

Change to English
 แสดงรายละเอียดบรรณานุกรม
  กลับหน้าหลัก

Brief Record : Get Marc (ISO 2709) : E-mail record : QR code < ปิดหน้าต่าง
LEADER : 00000nas 2200000uu 4500
001    13399114164
003     ULIB
008    020711s|||| th a 000 0 tha d
110    ^aสำนักงานวิจัยและพัฒนากำลังคนด้านสุขภาพ
245    ^aผีเสื้อขยับปีก
260    ^aนนทบุรี :^bสำนักงานวิจัยและพัฒนากำลังคนด้านสุขภาพ,^cม.ป.ป.
310    ^aรายสี่เดือน
850    ^aฉบับที่ 22 ปีที่ 4
945    ^p0^l0^i900190
รายการนี้ยังไม่มีแท็ก
คุณยังไม่ได้ล็อกอิน คุณสามารถมีกิจกรรมร่วมกับเว็บไซต์ได้ แต่ต้องล็อกอินก่อน ::
  ล็อกอิน

รายการสื่อสารสนเทศ (วารสาร)

ดูแบบ: กล่อง รายการ
ARRIVED
ฉบับที่ 22 ปีที่ 4
สถานที่: ห้องสมุดวิทยาเขตสวรรค์ประชารักษ์ >วารสาร
รายการใกล้เคียง
    ผู้แต่ง []

BibComment


ยังไม่เคยถูกคอมเมนท์

คอมเมนท์ทรัพยากรรายการนี้
  คอมเมนท์: ผีเสื้อขยับปีก


 Copyright 2026. Bcnsprnw @Library